000 00581nam a2200193Ia 4500
003 OSt
005 20250510093156.0
008 210210b1976 xxu||||| |||| 00| 0 eng d
040 _cAL
041 _aKannada
082 _aK894.5 DEVK
100 _aDEVARAJA ARASU (D) ದೇವರಾಜ ಅರಸು ( ಡಿ)
_9173098
245 _aKarnatakakke Shubhavagali
_bಕರ್ನಾಟಕಕ್ಕೆ ಶುಭವಾಗಲಿ
260 _aMaisuru
_bKannada Adhyayana Samsthe
_c1976
300 _axvi,276
690 _aKannada Speeches
_9173099
906 _a032649
942 _2ddc
_cBK
999 _c83747
_d83747